000 00542nam a2200229Ia 4500
003 OSt
005 20220918200951.0
006 a|||||r|||| 00| 0
007 ta
008 220917b |||||||| |||| 00| 0 eng d
024 _a91,034
037 _cTextual
040 _aARTS
_cARTS
_beng
041 _2eng
_aeng
082 _aVwM23, K2
100 _aDoughty Howard
_996217
245 0 _aFrancis Parkman
260 _c1962
650 _aHISTORY
942 _hVwM23, K2
_cTEXL
_2CC
999 _c214694
_d214694